[Event "Petersburg Summer 2016"]
[Site "St Petersburg"]
[Date "2016.08.24"]
[Round "8.11"]
[White "Karasev, Vladimir I"]
[Black "Filyanin, Daniil"]
[Result "1/2-1/2"]
[WhiteElo "2367"]
[BlackElo "2098"]
[PlyCount "96"]
[EventDate "2016.08.17"]
[EventType "swiss"]
[EventCountry "RUS"]

1. f4 d5 2. Nf3 Nf6 3. e3 c6 4. b3 Bg4 5. Bb2 Nbd7 6. h3 Bxf3 7. Qxf3 Qc7 8. d3
e5 9. Nd2 exf4 10. exf4 O-O-O 11. O-O-O Qa5 12. Kb1 Bb4 13. Qf2 Rhe8 14. g4 Nc5
15. g5 Nfd7 16. h4 Bc3 17. Bh3 Bxb2 18. Kxb2 Qb4 19. Nb1 Na4+ 20. Ka1 Nab6 21.
c3 Qd6 22. Rhe1 Kc7 23. d4 g6 24. f5 Re4 25. Rxe4 dxe4 26. Re1 Re8 27. Nd2 e3
28. Rxe3 Rxe3 29. Qxe3 Nd5 30. Qd3 Nf4 31. Qf3 Nxh3 32. Qxh3 Qf4 33. Qd3 Qxh4
34. fxg6 hxg6 35. Ne4 f5 36. gxf6 Nxf6 37. Ng3 Qf4 38. Kb2 g5 39. Ne2 Qf2 40.
Qg3+ Qxg3 41. Nxg3 Kd6 42. Kc2 c5 43. Kd3 cxd4 44. Kxd4 g4 45. c4 a5 46. a3 Kc6
47. b4 axb4 48. axb4 b5 1/2-1/2

[Event "Petersburg Summer 2016"]
[Site "St Petersburg"]
[Date "2016.08.24"]
[Round "8.22"]
[White "Babanin, Gleb"]
[Black "Khadzhiev, Valery"]
[Result "1-0"]
[WhiteElo "2082"]
[BlackElo "2174"]
[PlyCount "151"]
[EventDate "2016.08.17"]
[EventType "swiss"]
[EventCountry "RUS"]

1. e4 e6 2. d4 d5 3. Nc3 Nf6 4. e5 Ng8 5. f4 c5 6. Nf3 Nh6 7. Be3 Nf5 8. Bf2
Qb6 9. Qd2 Bd7 10. dxc5 Bxc5 11. Bxc5 Qxc5 12. Bd3 Ne7 13. Qf2 Qb4 14. O-O-O
Qxf4+ 15. Kb1 O-O 16. Bxh7+ Kxh7 17. Rd4 Qf5 18. Qh4+ Kg8 19. Qxe7 Nc6 20. Qxd7
Nxd4 21. Nxd4 Qxe5 22. Nf3 Qe3 23. Qb5 Rac8 24. Qd3 Qh6 25. h4 Rc4 26. g3 Rfc8
27. Ne5 R4c7 28. g4 Qf4 29. Qe2 d4 30. Nd3 Qh6 31. Nd1 Rxc2 32. Qxc2 Rxc2 33.
Kxc2 Qg6 34. N1f2 e5 35. Re1 Qc6+ 36. Kb1 f6 37. Re4 a5 38. h5 b5 39. a3 Qc4
40. g5 b4 41. axb4 axb4 42. h6 fxg5 43. hxg7 b3 44. Rxe5 Qc2+ 45. Ka1 Qd2 46.
Re4 Qa5+ 47. Kb1 Qa7 48. Re5 Qxg7 49. Ne4 Qc7 50. Rxg5+ Kf8 51. Nec5 Qh2 52.
Nxb3 Qh4 53. Rf5+ Ke7 54. Rf4 Qh1+ 55. Ndc1 Qh7+ 56. Ka2 Ke6 57. Rxd4 Qa7+ 58.
Kb1 Qh7+ 59. Rd3 Ke5 60. Kc2 Qh2+ 61. Nd2 Qh7 62. Nf3+ Kf5 63. Ne2 Qb7 64. Nc3
Qh7 65. Nd4+ Ke5 66. b4 Qh2+ 67. Kb3 Qh7 68. Nf3+ Kf4 69. Nd5+ Kf5 70. Kc4 Qh8
71. Nd4+ Ke5 72. Re3+ Kd6 73. Re6+ Kd7 74. Nf6+ Kc7 75. Nb5+ Kb7 76. Re7+ 1-0

[Event "Petersburg Summer 2016"]
[Site "St Petersburg"]
[Date "2016.08.24"]
[Round "8.24"]
[White "Krukovsky, Alexander"]
[Black "Manin, Viktor"]
[Result "0-1"]
[WhiteElo "2024"]
[BlackElo "2159"]
[PlyCount "59"]
[EventDate "2016.08.17"]
[EventType "swiss"]
[EventCountry "RUS"]

1. d4 Nf6 2. c4 e6 3. Nc3 Bb4 4. e3 c5 5. Nge2 cxd4 6. exd4 d5 7. a3 Be7 8. Nf4
O-O 9. cxd5 exd5 10. Be2 Nc6 11. O-O Bf5 12. Be3 Re8 13. Qb3 Na5 14. Qa2 Be6
15. Nxe6 fxe6 16. Rac1 Bd6 17. b4 Nc6 18. Rcd1 Ne7 19. Qb3 Nf5 20. Bg5 h6 21.
Bxf6 Qxf6 22. Nb5 Bb8 23. Bg4 Nh4 24. Qh3 Ng6 25. g3 a6 26. Nc3 Ba7 27. Bh5
Rac8 28. Ne2 Rf8 29. Bxg6 Qxg6 30. Rd2 {unreadable} 0-1

[Event "Petersburg Summer 2016"]
[Site "St Petersburg"]
[Date "2016.08.24"]
[Round "8.53"]
[White "Kuzmishin, Leonid"]
[Black "Zvereva, Svetlana"]
[Result "1-0"]
[WhiteElo "1762"]
[BlackElo "1579"]
[PlyCount "120"]
[EventDate "2016.08.17"]
[EventType "swiss"]
[EventCountry "RUS"]

1. d4 d5 2. Nf3 Nf6 3. g3 e6 4. Bg2 c5 5. c4 cxd4 6. cxd5 Bb4+ 7. Bd2 Bxd2+ 8.
Qxd2 Nxd5 9. Nxd4 O-O 10. O-O Nf6 11. Qc3 a6 12. e3 Qe7 13. Nd2 e5 14. N4b3 e4
15. Rac1 Nc6 16. Nc5 Bf5 17. Nxb7 Qxb7 18. Qxc6 Qxb2 19. Rc2 Qb5 20. Rb1 Qxc6
21. Rxc6 Rfd8 22. Nc4 Be6 23. a3 h6 24. Nd6 Bd5 25. Rcb6 Ra7 26. Nf5 Be6 27.
Nd4 Bd5 28. Bf1 a5 29. a4 Rc8 30. Rb8 Rac7 31. Nf5 Rxb8 32. Rxb8+ Kh7 33. Bb5
Rc1+ 34. Kg2 Bc4 35. Nd6 Be6 36. h3 Rd1 37. Nb7 Ra1 38. Nxa5 Nd5 39. Bc6 Nc3
40. Rb4 f5 41. Nb7 Ra2 42. a5 Nd1 43. Ra4 Rxf2+ 44. Kg1 Rc2 45. Nd8 Bc8 46. Bb7
Nxe3 47. a6 Bxb7 48. axb7 Rb2 49. Ra8 Rg2+ 50. Kh1 Rc2 51. b8=Q Rc1+ 52. Kh2
Rc2+ 53. Kg1 Rg2+ 54. Kh1 Rd2 55. Ra1 Nd5 56. Qe5 Kg8 57. Ne6 Nf6 58. Qc3 Re2
59. Nf4 Rf2 60. Qc8+ Kh7 1-0